00500nam a2200145 a 450000500170000000800410001702000180005805000220007610000200009824500580011826000320017630000090020899900190021795201180023620140412111228.0100122s19uu xx 00 eng d a0-439-25406-x aTR(PS EbN91 2000 aNumeroff, Laura aIf you take a mouse to the movies /cNumeroff, Laura. aU.S.A :bScholastic,c2000. aunp. c102097d102097 00104050aELbELcTRd2010-01-22eGiftg115.00l0oTR(PS E N91 2000pE0505r2014-04-12 00:00:00w2014-04-12yBK